| 000 | 00767nam a2200217 a 4500 | ||
|---|---|---|---|
| 005 | 20230323063555.0 | ||
| 008 | 991125s1997 mx 000 0 spa u | ||
| 035 | _aUPN01000053177 | ||
| 049 | _aCG | ||
| 050 | 4 |
_aLB1778.4 M6 _bM4.7 |
|
| 100 | 1 |
_aMedina Valencia, José de Jesús _941159 |
|
| 245 | 1 | 0 |
_aSemblanzas biográficas de grandes maestros preparatorianos / _cJosé de Jesús Medina Valencia, Luis Segura López. |
| 260 |
_aMéxico : _b[s.n.], _c1997. |
||
| 300 | _a75 p. | ||
| 500 | _aTítulo de la cubierta: Grandes maestros de la juventud | ||
| 650 | 4 |
_aMaestros universitarios _zMéxico _95220 |
|
| 650 | 7 |
_aMaestros _vBiografía _2 _9744 |
|
| 700 | 1 |
_aSegura López, Luis, _ecoaut. _941160 |
|
| 740 | 0 | _aGrandes maestros de la juventud | |
| 905 | _aLibro | ||
| 999 |
_c53177 _d53177 |
||